The level and composition of public sector debt in emerging market crises

Bibliographic Details
Main Author: De Bolle, Monica Baumgarten.
Corporate Author: ProQuest (Firm)
Other Authors: Rother, Bjoern., Hakobyan, Ivetta.
Format: Electronic eBook
Language:English
Published: [Washington, D.C.] : International Monetary Fund, 2006.
Series:IMF working paper ; WP/06/186.
Subjects:
Online Access:Click to View
LEADER 01392nam a2200361Ia 4500
001 EBC3014332
003 MiAaPQ
005 20200520144314.0
006 m o d |
007 cr cn|||||||||
008 061003s2006 dcua sb i000 0 eng d
035 |a (MiAaPQ)EBC3014332 
035 |a (Au-PeEL)EBL3014332 
035 |a (CaPaEBR)ebr10380696 
035 |a (OCoLC)867080981 
040 |a MiAaPQ  |c MiAaPQ  |d MiAaPQ 
050 4 |a HJ8015  |b .D4 2006 
100 1 |a De Bolle, Monica Baumgarten. 
245 1 4 |a The level and composition of public sector debt in emerging market crises  |h [electronic resource] /  |c prepared by Monica de Bolle, Bjorn Rother, and Ivetta Hakobyan. 
260 |a [Washington, D.C.] :  |b International Monetary Fund,  |c 2006. 
300 |a 33 p. :  |b ill. 
490 1 |a IMF working paper ;  |v WP/06/186 
500 |a "August 2006." 
504 |a Includes bibliographical references. 
533 |a Electronic reproduction. Ann Arbor, MI : ProQuest, 2015. Available via World Wide Web. Access may be limited to ProQuest affiliated libraries. 
650 0 |a Debts, Public. 
650 0 |a Financial crises. 
655 4 |a Electronic books. 
700 1 |a Rother, Bjoern. 
700 1 |a Hakobyan, Ivetta. 
710 2 |a ProQuest (Firm) 
830 0 |a IMF working paper ;  |v WP/06/186. 
856 4 0 |u https://ebookcentral.proquest.com/lib/matrademy/detail.action?docID=3014332  |z Click to View